اثر الادوات الداخلية للحاكمية المؤسسية على الاداء التشغيلي للمصارف الاسلامية الاردنية=The Effect of the Internal Mechanisms of Corporate Governance on the Operational Performance of the Jordanian Islamic Banks / (Record no. 30451)
[ view plain ]
| 000 -LEADER | |
|---|---|
| fixed length control field | 01425nam a2200253Ii 4500 |
| 003 - CONTROL NUMBER IDENTIFIER | |
| control field | JO-AjNU |
| 005 - DATE AND TIME OF LATEST TRANSACTION | |
| control field | 20240625094456.0 |
| 008 - FIXED-LENGTH DATA ELEMENTS--GENERAL INFORMATION | |
| fixed length control field | 230605s9999||||xx |||||||||||||| ||und|| |
| 040 ## - CATALOGING SOURCE | |
| Original cataloging agency | JO-AjNU |
| Language of cataloging | ara |
| Description conventions | rda |
| Transcribing agency | JO-AjNU |
| 041 ## - LANGUAGE CODE | |
| Language code of text/sound track or separate title | ara |
| 050 14 - LIBRARY OF CONGRESS CALL NUMBER | |
| Classification number | HG3261.2020 |
| 100 #1 - MAIN ENTRY--PERSONAL NAME | |
| Personal name | اعداد، لبنى محمد حسين الروابدة |
| Relator term | معد |
| 9 (RLIN) | 65579 |
| 245 10 - TITLE STATEMENT | |
| Title | اثر الادوات الداخلية للحاكمية المؤسسية على الاداء التشغيلي للمصارف الاسلامية الاردنية=The Effect of the Internal Mechanisms of Corporate Governance on the Operational Performance of the Jordanian Islamic Banks / |
| Statement of responsibility, etc. | اعداد لبنى محمد حسين الروابدة ؛ اشراف محمد المومني، شيرين العلي |
| 260 ## - PUBLICATION, DISTRIBUTION, ETC. | |
| Date of publication, distribution, etc. | 2020 |
| 300 ## - PHYSICAL DESCRIPTION | |
| Extent | 109 ورقة |
| 336 ## - CONTENT TYPE | |
| Content type term | text |
| Content type code | txt |
| Source | rdacontent |
| 337 ## - MEDIA TYPE | |
| Media type term | unmediated |
| Media type code | n |
| Source | rdamedia |
| 338 ## - CARRIER TYPE | |
| Carrier type term | volume |
| Carrier type code | nc |
| Source | rdacarrier |
| 500 ## - GENERAL NOTE | |
| General note | رسالة جامعية(اطروحة ماجستير) جامعة عجلون الوطنية ،كلية ادارة الاعمال،المصارف الاسلامية2020، يحتوي على قائمة مراجع من ص94-109ص |
| 650 7# - SUBJECT ADDED ENTRY--TOPICAL TERM | |
| Topical term or geographic name entry element | الحاكمية المؤسسية -المصارف الاسلامية - الاردن |
| 9 (RLIN) | 59710 |
| 700 #1 - ADDED ENTRY--PERSONAL NAME | |
| Personal name | المومني، محمد |
| Relator term | مشرف |
| 9 (RLIN) | 65317 |
| 700 #1 - ADDED ENTRY--PERSONAL NAME | |
| Personal name | العلي، شيرين |
| Relator term | مشرف مشارك |
| 9 (RLIN) | 65534 |
| 942 ## - ADDED ENTRY ELEMENTS (KOHA) | |
| Source of classification or shelving scheme | Library of Congress Classification |
| Koha item type | Thesis |
| Withdrawn status | Lost status | Source of classification or shelving scheme | Damaged status | Not for loan | Home library | Current library | Shelving location | Date acquired | Total Checkouts | Full call number | Barcode | Date last seen | Price effective from | Koha item type |
|---|---|---|---|---|---|---|---|---|---|---|---|---|---|---|
| Library of Congress Classification | مكتبة جامعة عجلون الوطنية | مكتبة جامعة عجلون الوطنية | المراجع | 25/06/2024 | HG3261.2020 | A26883 | 06/06/2023 | 25/06/2024 | Thesis | |||||
| Library of Congress Classification | مكتبة جامعة عجلون الوطنية | مكتبة جامعة عجلون الوطنية | المراجع | 25/06/2024 | HG3261.2020 | a26884 | 25/06/2024 | 25/06/2024 | Thesis |